| 000 | 00849cam a2200253 i 4500 | ||
|---|---|---|---|
| 001 | 17297014 | ||
| 005 | 20240412134114.0 | ||
| 008 | 120514s2012 ilu 000 0 eng | ||
| 010 | _a 2012018399 | ||
| 020 | _a9781433533679 (hc) | ||
| 040 |
_aDLC _beng _cDLC _erda _dDLC |
||
| 042 | _apcc | ||
| 245 | 0 | 0 |
_aESV comprehensive concordance of the Bible / _ccompiled by William D. Mounce. |
| 246 | 3 | _aEnglish Standard Version comprehensive concordance of the Bible | |
| 246 | 1 |
_iAt head of title: _aEnglish Standard Version |
|
| 260 |
_aWheaton, Illinois : _bCrossway, _cc2012. |
||
| 300 |
_axiv, 1166 pages ; _c25 cm |
||
| 336 |
_atext _2rdacontent |
||
| 337 |
_aunmediated _2rdamedia |
||
| 338 |
_avolume _2rdacarrier |
||
| 630 | 0 | 0 |
_aBible _xConcordances, English _xEnglish Standard. |
| 700 | 1 |
_aMounce, William D., _eeditor. |
|
| 942 |
_2lcc _cBK |
||
| 999 |
_c52471 _d52471 |
||